• 首页
  • 本馆介绍
  • 公告通知
  • 最新文献
  • 馆藏检索
  • 电子资源
  • 读者导购
  • 参考咨询
  • 我的图书馆
  • 登录
  • 详细信息显示
  • 放入我的书架
  • 预约/预借图书
  • 作者相关作品
  • 分类相关作品
  • 丛书相关作品
  • 出版社相关作品

书目信息

  • 表格格式
  • 工作单格式
  • 卡片格式
题名:
编与导
    
 
作者: 杨尚鸿 主编
分册:  
出版信息: 北京   北京师范大学出版社  2016
页数: 265页
开本: 23cm
丛书名: 新世纪高等学校教材
单 册:
中图分类: G222.3-43
科图分类:
主题词: 电视节目制作--dian shi jie mu zhi zuo--高等学校--教材 , 电视节目--dian shi jie mu--导演艺术--高等学校--教材
电子资源:
ISBN: 978-7-303-09415-8
000 01103nam 2200289 45
001 012001004593
005 20141124165222.0
010    @a978-7-303-09415-8@dCNY29.00
099    @aCAL 012012160547
100    @a20120323d2011 em y0chiy0121 ea
101 0  @achi
102    @aCN@b110000
105    @aa z 000yy
106    @ar
200 1  @a编与导@Abian yu dao@e电视编导学原理@f主编杨尚鸿
210    @a北京@c北京师范大学出版社@d2016
215    @a265页@c图@d23cm
225 2  @a新世纪高等学校教材@Axin shi ji gao deng xue xiao jiao cai@i影视学系列教材
330    @a本书共十二章节,内容包括电视媒介导论、电视编导的视听语言基础、电视编导与前期摄像、电视编导与后期编辑、电视节目概论、电视节目编导策划等。
410  0 @12001@a新世纪高等学校教材@i影视学系列教材
517 1  @a电视编导学原理@Adian shi bian dao xue yuan li
606 0  @a电视节目制作@Adian shi jie mu zhi zuo@x高等学校@j教材
606 0  @a电视节目@Adian shi jie mu@x导演艺术@x高等学校@j教材
690    @aG222.3-43@v5
701  0 @a杨尚鸿@Ayang shang hong@4主编
801    @b江苏凤凰@c20191020
905    @b1219925-8@dG222.3-43@e269@f4
    
    编与导:电视编导学原理/主编杨尚鸿.-北京:北京师范大学出版社,2016
    265页:图;23cm.-(新世纪高等学校教材.影视学系列教材)
    
    
    ISBN 978-7-303-09415-8:CNY29.00
    本书共十二章节,内容包括电视媒介导论、电视编导的视听语言基础、电视编导与前期摄像、电视编导与后期编辑、电视节目概论、电视节目编导策划等。
●
相关链接 在E读中查询图书 在五车中查询图书 在当当中查询图书 在豆瓣中查询图书


正题名:编与导     索取号:G222.3-43/269         预约/预借

序号 登录号 条形码 馆藏地/架位号 状态 备注
1 1219925   212199253   第一样本阅览室/ [索取号:G222.3-43/269] 在馆    
2 1219926   212199262   教育系资料室/ [索取号:G222.3-43/269] 在馆    
3 1219927   212199271   教育系资料室/ [索取号:G222.3-43/269] 在馆    
4 1219928   212199280   第四借阅区/ [索取号:G222.3-43/269] 在馆    
唐山师范学院图书馆 欢迎您!
大连网信软件有限公司© 版权所有